000 01666nam a2200337 i 4500
003 DO-SdBNP
005 20240806114110.0
007 ta
008 240805s1995 xxu 000 j spa d
020 _a088730740X
020 _a9780887307409
040 _aDO-SdBNP
_bspa
_cBNPHU
_erda
082 _a658.15
_bF469
_222
100 _aFifer, Robert M.
_911765
_eautor
245 1 0 _aDouble your profits in 6 months or less /
_cBob Fifer.
246 _aDouble your profits in 6 months or less :
_b78 ways to cut costs, increase sales, and dramatically improve your bottom line /
264 1 _aNew York, Estados Unidos :
_bHarper,
_c1995.
300 _a243 páginas,
_c21 cm.
336 _2rdacontent
_atexto
_btxt
337 _2rdamedia
_asin mediación
_bn
338 _2rdacarrier
_avolumen
_bnc
500 _aIncluye datos biográficos del autor en la página 244.
500 _aDuplica tus ganancias en 6 meses o menos, 78 formas de reducir costos, aumentar las ventas y mejorar drásticamente sus resultados
520 _aEscrito por Bob Fifer, el libro "Double Your Profits: In Six Months or Less", "Duplique sus ganancias: en seis meses o menos" en traducción libre al español, este es el libro de cabecera de uno de los más grandes empresarios de Brasil, el fundador de Ambev, Marcel Telles. En este libro, Bob aborda en 78 pasos cómo reducir costos, aumentar las ventas y mejorar los resultados de manera clara y objetiva.
590 _aInventariado, 2024/ YL
650 4 _aGestión industrial.
_96334
650 4 _aGestión de ventas.
_986215
650 4 _aLos beneficios empresariales.
_986216
910 _aYLockward
942 _2ddc
_cLBS1
999 _c57375
_d57375